000 00786nam a22002297a 4500
003 OSt
005 20251221131607.0
008 251220b |||||||| |||| 00| 0 eng d
040 _cDCL
041 _aEnglish
082 _a305.8958
245 0 0 _aFactors Affecting the Decisions of Rohingya to Remain in Myanmar or Leave For Bangladesh Following the events of August 2017
260 _a[s.l] :
_b[s.n],
_c[2017].
300 _a72 pages :
_c24 cm.
504 _aBibliography: p. 251-267
650 _aRohingya (Burmese people)
_zMyanmar
_zRakhine State
650 _aRohingya (Burmese people)
_zBangladesh
650 _aRohingya (Burmese people)
_xCrimes against
650 _aStateless persons
_zMyanmar
650 _aRefugees
_zMyanmar
942 _2ddc
_cSHORT TERM
_n0
999 _c2765
_d2765